| 000 | 00983nam a22003137a 4500 | ||
|---|---|---|---|
| 003 | CHAP | ||
| 005 | 20220329140434.0 | ||
| 008 | 971013s1989 r 00010 d | ||
| 010 | _a51938 | ||
| 011 | _a52910 | ||
| 035 | _a57060 | ||
| 040 | _cCHAP | ||
| 082 |
_a587.31 _bC6 |
||
| 100 | 0 | 0 |
_aCody, William J. _924316 |
| 245 | _aFerns and fern allies of Canada | ||
| 260 |
_aOttawa : _bMinister of Supply and Services, _c1989 |
||
| 300 |
_a430 p. _b: ilus. ; mapas |
||
| 590 |
_aBATCH-UPD _b10 _c20130110 _lUCH01 _h0411 |
||
| 590 |
_aBATCH-UPD _b10 _c20130110 _lUCH01 _h2128 |
||
| 590 |
_aBATCH-UPD _b10 _c20130410 _lUCH01 _h0045 |
||
| 590 |
_aBATCH-UPD _b10 _c20130914 _lUCH01 _h0733 |
||
| 590 |
_aCONVERSION _b10 _c20130109 _lUCH01 _h1328 |
||
| 650 | 1 | 4 |
_aBotánica _xCanadá. _914509 |
| 650 | 1 | 4 |
_aHelechos _xCanadá. _953414 |
| 700 | 0 |
_aBritton, Donald M. _915456 |
|
| 901 | _aBK | ||
| 942 | _cLIBRO | ||
| 949 |
_a587.31 C6 _bBC _cC _d33724000527040 _eC _gI. 180354 _h89761 _i57060 _si _t367.00 |
||
| 999 |
_c51938 _d51938 |
||